000 00546nam a2200205Ia 4500
005 20250326141401.0
008 250326s9999 xx 000 0 und d
020 _a0-256-19406-8
037 _aTextbook
040 _aFMSL
_beng
_cFMSL
041 _aeng
_2eng
084 _aX:89A N7
_qFMSL
100 _aSchonberger R J
_9742008
245 0 _aOperations management
_cSchonberger R J; Knod E M
250 _a6
260 _aLondon
_bLondon, Irwin
_c1997
300 _a723p
942 _cTB
_hX:89A N7
999 _c1290048
_d1290048